Detalles MARC
| 000 -CABECERA |
| campo de control de longitud fija |
00968nam a2200265 a 4500 |
| 001 - NÚMERO DE CONTROL |
| campo de control |
000011563 |
| 005 - FECHA Y HORA DE LA ÚLTIMA TRANSACCIÓN |
| campo de control |
20200929162507.0 |
| 008 - DATOS DE LONGITUD FIJA--INFORMACIÓN GENERAL |
| campo de control de longitud fija |
091021s2007 dr 001 0 spa d |
| 020 ## - NÚMERO INTERNACIONAL ESTÁNDAR DEL LIBRO |
| Número Internacional Estándar del Libro |
9789505639120 |
| 040 ## - FUENTE DE LA CATALOGACIÓN |
| Centro catalogador/agencia de origen |
DO-SdBNP |
| Lengua de catalogación |
spa |
| Centro/agencia transcriptor |
BNPHU |
| 082 ## - NÚMERO DE LA CLASIFICACIÓN DECIMAL DEWEY |
| Número de clasificación |
A863.44 |
| Número de documento/Ítem |
M288p |
| 049 ## - FONDOS LOCALES (OCLC) |
| Fondos de biblioteca |
BND |
| 100 1# - ENTRADA PRINCIPAL--NOMBRE DE PERSONA |
| Nombre de persona |
Mansilla de García, Eduarda |
| Fechas asociadas al nombre |
1838-1892. |
| 9 (RLIN) |
27387 |
| 245 10 - MENCIÓN DE TÍTULO |
| Título |
Pablo o la vida en las pampas / |
| Mención de responsabilidad, etc. |
Eduarda Mansilla de García; estudio preliminar y edición crítica de María Gabriela Mizraje; traducción Lucio V. Mansilla. |
| 260 ## - PUBLICACIÓN, DISTRIBUCIÓN, ETC. |
| Lugar de publicación, distribución, etc. |
Buenos Aires : |
| Nombre del editor, distribuidor, etc. |
Biblioteca Nacional: |
| -- |
Colihue, |
| Fecha de publicación, distribución, etc. |
2007. |
| 300 ## - DESCRIPCIÓN FÍSICA |
| Extensión |
100 p. ; |
| Dimensiones |
21 cm. |
| 490 1# - MENCIÓN DE SERIE |
| Mención de serie |
Los raros |
| Designación de volumen o secuencia |
13 |
| 504 ## - NOTA DE BIBLIOGRAFÍA, ETC. |
| Nota de bibliografía, etc. |
Incluye referencia al pie de páginas |
| 650 #4 - PUNTO DE ACCESO ADICIONAL DE MATERIA--TÉRMINO DE MATERIA |
| Término de materia o nombre geográfico como elemento de entrada |
Novela argentina |
| 9 (RLIN) |
3941 |
| 650 #4 - PUNTO DE ACCESO ADICIONAL DE MATERIA--TÉRMINO DE MATERIA |
| Término de materia o nombre geográfico como elemento de entrada |
Literatura argentina |
| 9 (RLIN) |
3860 |
| 700 1# - PUNTO DE ACCESO ADICIONAL--NOMBRE DE PERSONA |
| Nombre de persona |
Mizraje, María Gabriela |
| Término indicativo de función/relación |
ed. |
| 9 (RLIN) |
27388 |
| 700 1# - PUNTO DE ACCESO ADICIONAL--NOMBRE DE PERSONA |
| Nombre de persona |
Mansilla, Lucio V. |
| Término indicativo de función/relación |
tr. |
| 9 (RLIN) |
27389 |
| 830 #0 - PUNTO DE ACCESO ADICIONAL DE SERIE-TÍTULO UNIFORME |
| Título uniforme |
Los raros ; |
| Designación de volumen o secuencia |
13 |
| 9 (RLIN) |
27390 |
| 910 ## - DATOS DE OPCIÓN DEL USUARIO (OCLC) |
| Datos de opción del usuario |
Catalogación derivada /LC |